000 00537nam a22001937a 4500
003 MPLRDC
005 20220104142710.0
008 210129b ||||| |||| 00| 0 eng d
020 _a978-986-177-710-8
082 _a220.7 XYDS-25
100 _a星云大师 口述; 郑羽书 笔记
245 _a教你一念转运
_c
250 _a初版
260 _a台湾
_b晨星出版有限公司
_c2013
300 _b193
490 _a人间羽禄: 1; 劲草《人间羽禄》: 351
650 _a佛教杂论
942 _cBK
_o220.7 XYDS-25
999 _c32986
_d32976